El televidente
Furkejuvvon:
| Váldodahkki: | |
|---|---|
| Materiálatiipa: | Girji |
| Giella: | espánnjágiella |
| Almmustuhtton: |
Santiago
Planeta
1998
|
| Fáttát: | |
| Fáddágilkorat: |
Lasit fáddágilkoriid
Eai fáddágilkorat, Lasit vuosttaš fáddágilkora!
|
MARC
| LEADER | 00000nam a2200000 a 4500 | ||
|---|---|---|---|
| 001 | UCP4523 | ||
| 003 | CL-VaPUC | ||
| 008 | 990806e19980000CL |||||||||||||||||spa|d | ||
| 082 | 0 | 4 | |a Ch864 |b PAR |2 21 |
| 100 | |a Parra Calderón, Marco Antonio de la |e autor |9 466150 | ||
| 245 | 1 | 3 | |a El televidente |
| 300 | |a 106 p | ||
| 942 | |c BK | ||
| 945 | |d 19990806 00:00:00 |a rbrito | ||
| 260 | |a Santiago |b Planeta |c 1998 | ||
| 650 | 0 | |a Ensayos chilenos |9 269132 | |
| 650 | 0 | |a Televisión |9 256845 | |
| 650 | 0 | |a Sociología |9 255410 | |
| 583 | |a last modification |c 19990806 00:00:00 |k Rodrigo Vera | ||
| 999 | |c 282462 |d 282460 | ||
| 952 | |0 0 |1 0 |4 0 |6 CH_864_000000000000000_PAR_1998 |7 0 |8 A |9 324244 |a BIBEDU |b BIBEDU |d 2019-11-20 |i 3547191 |o Ch864 PAR 1998 |p 3547191 |r 2019-11-20 |w 2019-11-20 |y BK |k LIT | ||
| 952 | |0 0 |1 0 |4 0 |6 CH_864_000000000000000_PAR_1998 |7 0 |8 A |9 324245 |a BIBEDU |b BIBEDU |d 2019-11-20 |i 3564819 |o Ch864 PAR 1998 |p 3564819 |r 2019-11-20 |w 2019-11-20 |y BK |k EPE | ||